00894nam a2200229 a 4500001001000000003000500010005001700015008004100032010001100073011001100084040000900095100002500104245011300129260004100242500006000283502007500343650003800418650003700456650002400493650007700517856007000594000114745CHAP20220329144455.0180405s2018 mx a fsm |||||||spa d a111206 a112178 cCHAP1 aViana Carrillo, Saul10aConstrución de un índice de precios de la vivienda en México /h[En línea]cpor Saul Viana Carrillo. aChapingo, Méx. :bEl autor,c2018. aPara ver el contenido del material haga clic en la liga aTesis (Lic. en Estadistica) -- UACH. División de Ciencias Forestales14aCostos y nivel de vidazMéxico.14aViviendaxAspectos económicos.14aViviendazMéxico.14aViviendasxClasificación para la ventazClasificación para la venta. aFinding aiduhttp://10.13.5.2/tesis/sist114745.pdfzTeclea aquí